[Event "Vienna-Open"]
[Site "?"]
[Date "2016.08.19"]
[Round "4"]
[White "Kardoeus, David"]
[Black "Frost, Peter"]
[Result "1-0"]
[WhiteElo "2127"]
[BlackElo "1933"]
[PlyCount "117"]
[SourceDate "2015.04.14"]

1. e4 e6 2. d4 d5 3. Nd2 Nf6 4. e5 Nfd7 5. Bd3 c5 6. c3 Nc6 7. Ne2 cxd4 8. cxd4
f6 9. exf6 Nxf6 10. Nf3 Bd6 11. O-O O-O 12. Bf4 Bxf4 13. Nxf4 Ne4 14. Qc1 Qd6
15. g3 Nf6 16. Re1 Bd7 17. Qd2 Rae8 18. Rad1 e5 19. dxe5 Nxe5 20. Nxe5 Rxe5 21.
Bc4 Bc6 22. Rxe5 Qxe5 23. Nxd5 Nxd5 24. Bxd5+ Bxd5 25. Qxd5+ Qxd5 26. Rxd5 Rb8
27. Rd7 a5 28. b3 b6 29. Kf1 Rc8 30. Rd6 Rb8 31. Rd7 Rc8 32. Rd6 Rb8 33. a4 Kf7
34. Rd7+ Kf6 35. f4 b5 36. Rd5 bxa4 37. bxa4 Rb2 38. Kg1 g6 39. Rxa5 Ra2 40. g4
h5 41. Ra6+ Kf7 42. g5 Kg7 43. Ra7+ Kg8 44. h4 Kf8 45. a5 Kg8 46. a6 Kf8 47.
Kf1 Ke8 48. Ra8+ Kf7 49. Ke1 Ra4 50. Kd2 Kg7 51. Kc3 Rxf4 52. Ra7+ Kf8 53. Rb7
Rxh4 54. a7 Ra4 55. Rb8+ Ke7 56. a8=Q Rxa8 57. Rxa8 Ke6 58. Ra5 h4 59. Kd4 1-0

[Event "Vienna-Open"]
[Site "?"]
[Date "2016.08.18"]
[Round "3"]
[White "Ivanov, Igor"]
[Black "Kardoeus, David"]
[Result "1-0"]
[WhiteElo "1954"]
[BlackElo "2127"]
[PlyCount "47"]
[SourceDate "2015.04.14"]

1. d4 Nf6 2. Bg5 g6 3. Bxf6 exf6 4. c4 d5 5. e3 Be7 6. Nc3 dxc4 7. Bxc4 O-O 8.
Nf3 c6 9. a4 a5 10. Nd2 Nd7 11. O-O h5 12. Qc2 Nb6 13. Qxg6+ Kh8 14. Bxf7 Rxf7
15. Qxf7 Qd6 16. Qxh5+ Kg7 17. Nde4 Qe6 18. f4 f5 19. Rf3 fxe4 20. Rg3+ Kf8 21.
Qh8+ Kf7 22. Qg8+ Kf6 23. Rg6+ Kf5 24. g4# 1-0

[Event "Vienna-Open"]
[Site "?"]
[Date "2016.08.17"]
[Round "2"]
[White "Kardoeus, David"]
[Black "Pirrot, Dieter"]
[Result "0-1"]
[WhiteElo "2127"]
[BlackElo "2367"]
[PlyCount "114"]
[SourceDate "2015.04.14"]

1. e4 e5 2. Nf3 Nc6 3. Bc4 Nf6 4. Ng5 d5 5. exd5 Na5 6. Bb5+ c6 7. dxc6 bxc6 8.
Qf3 Be7 9. Bd3 O-O 10. Nc3 h6 11. Nge4 Nd5 12. Ng3 g6 13. O-O f5 14. Re1 e4 15.
Ncxe4 fxe4 16. Qxe4 Rf6 17. Qa4 Nb7 18. b4 Bxb4 19. Bc4 Be7 20. Bb2 Re6 21. Bd4
Na5 22. Bd3 c5 23. Rxe6 Bxe6 24. Be5 Nb4 25. Bxg6 Nc4 26. Bc3 Bf6 27. Re1 Nb6
28. Qb5 Bxc3 29. dxc3 Bc4 30. Qxc5 Qd2 31. Qe5 Nc6 32. Qe4 Bd5 33. Qe3 Qxe3 34.
Rxe3 Bxa2 35. Nf5 a5 36. Rh3 a4 37. Rxh6 Bd5 38. Bh7+ Kf7 39. Bg6+ Kg8 40. Bh7+
Kf8 41. Rf6+ Ke8 42. Bg6+ Kd7 43. Bf7 a3 44. Rd6+ Kc7 45. Rxd5 a2 46. Rd7+ Kxd7
47. Bxa2 Rxa2 48. h4 Ke6 49. g4 Nd5 50. c4 Nf4 51. Kh2 Ra3 52. Ne3 Ne5 53. h5
Kf6 54. Kg3 Kg5 55. h6 Nxc4 56. h7 Nxe3 57. h8=N Nf1# 0-1

[Event "Vienna-Open"]
[Site "?"]
[Date "2016.08.16"]
[Round "1"]
[White "Erece, Ece Alkim"]
[Black "Kardoeus, David"]
[Result "0-1"]
[WhiteElo "1836"]
[BlackElo "2127"]
[PlyCount "90"]
[SourceDate "2015.04.14"]

1. e4 e5 2. Nf3 Nc6 3. d4 exd4 4. Bc4 Bc5 5. c3 Nf6 6. cxd4 Bb4+ 7. Nc3 Nxe4 8.
O-O Bxc3 9. d5 Bf6 10. Re1 Ne7 11. Rxe4 d6 12. Bg5 Bxg5 13. Nxg5 h6 14. Qe2
hxg5 15. Re1 Be6 16. dxe6 f6 17. Re3 c6 18. Rh3 Rxh3 19. gxh3 g6 20. Qf3 Qa5
21. Qxf6 Qxe1+ 22. Bf1 O-O-O 23. Qxe7 Qe4 24. Qf7 Qf5 25. Qxf5 gxf5 26. Bd3 Rf8
27. f4 gxf4 28. Kf2 Kd8 29. Kf3 Ke7 30. Kxf4 Kxe6 31. h4 Rh8 32. Bxf5+ Kf6 33.
h3 Rxh4+ 34. Bg4 d5 35. a4 c5 36. Ke3 Rxg4 37. hxg4 Kg5 38. Kf3 b6 39. Kg3 a6
40. Kf3 b5 41. a5 b4 42. Kg3 c4 43. Kf3 c3 44. bxc3 bxc3 45. Ke3 d4+ 0-1

[Event "Sen.WTCC Latvia Women - Bremen"]
[Site "?"]
[Date "2016.06.30"]
[Round "5.1"]
[White "Erneste, Inguna"]
[Black "Buchal, Stephan"]
[Result "0-1"]
[WhiteElo "2149"]
[BlackElo "2338"]
[Annotator "Buchal,Stephan"]
[PlyCount "62"]
[SourceDate "2015.04.14"]

{90 Minuten / 40 Züge + 30 Minuten Rest + 30 Sekunden für jeden Zug.} 1. e4
g6 2. d4 Bg7 3. Nf3 d6 4. Nc3 a6 {Ich hatte mal wieder Lust auf Nilpferd.
Seriös finde ich das nicht.} 5. a4 b6 {Restbedenkzeit 90 - 89.} 6. Bc4 e6 7.
Bg5 $6 {Wird oft gespielt, erweist sich aber als Tempoverlust.} Ne7 8. Qd2 h6
9. Be3 Bb7 10. O-O Nd7 {87 - 84} 11. Rad1 Nf6 {[#] Ich dachte hier
überoptimistisch, dass die "Doppeldrohung" ...Sxe4 bzw. Sg4 Schwarz schon
leicht in Vorteil bringen könnte.} ({Eine solide Alternative ist hier} 11...
g5 $5 {nebst ...Sg6 und gelegentlich 0-0.}) 12. d5 $6 (12. Bd3 g5 13. Qe2 O-O)
12... e5 {Es war mir angenehm, in die "königsindische Struktur" überzugehen.
Zwar ist der Lb7 hier fehl am Platze, aber auch der Sc3 und Lc4 behindern
stehen ungünstig, weil sie das weiße Spiel am Damenflügel eher behindern
als fördern.} ({Tatsächlich dachte ich hier einige Minuten darüber nach, ob
ich mit} 12... Nxe4 $4 {einen Bauern gewinnen kann. Auf den ersten Blick sah
die Öffnung der Stellung "nur" riskant aus - auf den zweiten Blick verliert
es ganz einfach:} 13. Nxe4 exd5 14. Bd4 $18 O-O (14... dxe4 15. Bxg7 Rh7 16.
Bf6 exf3 17. Rfe1) 15. Nf6+) ({Eine solide Alternative war dagegen} 12... exd5
13. Bxd5 Bxd5 14. exd5 Nf5 {mit (fast) ausgeglichener Stellung. Das war mir
allerdings zu wenig.} 15. Nd4) 13. h3 Nh5 $6 {[#]} 14. g4 $6 {Die Engines
finden das ganz o.k. - ich kanns kaum glauben. Nach menschlichen Maßstäben
hat Schwarz wunderbare Kompensation für den geopferten Bauern.} (14. Rfe1 $142
$1 Qd7 {bereitet ...f7-f5 vor. Sofortiges} (14... f5 $2 {führt nach} 15. exf5
gxf5 16. Qe2 Nf6 {zu der unangenehmen Überraschung} 17. Bd4 $3 $16) 15. b4 f5
16. exf5 gxf5 17. Qe2 Nf6 $13) 14... Nf4 $5 15. Bxf4 exf4 {73 - 66} 16. Qxf4 g5
17. Qc1 {deckt prophylaktisch den Bauern b2, um Se2 folgen zu lassen. Das
hatte ich auch erwartet, aber die Programme bevorzugen hier} (17. Qe3 $142 Ng6
18. Nd4 Be5 19. Nc6 Bxc6 20. dxc6 h5 $13) 17... Ng6 18. Ne2 h5 $1 $15 {Mit dem
2. Bauernopfer soll jetzt die Königsstellung gelockert werden.} 19. Qxg5 $2 ({
Auch nach dem Besseren} 19. gxh5 $142 Rxh5 20. Ng3 Rxh3 21. Qxg5 Bxb2 {behält
Schwarz mit dem starken Läuferpaar andauernden Vorteil.}) 19... Bf6 20. Qe3
hxg4 {51 - 47} 21. hxg4 Qd7 22. Nh2 {[#]} Ne5 {16 Minuten Bedenkzeit. Bei
h6-h5 hatte ich noch geglaubt, dies sei wegen der Doppeldrohung Txh2 und Sxc4
der Ausheber, aber mittlerweile hatte ich 23.Df4 gesehen.} 23. Qf4 {Hier
glaubte ich auf Gewinn zu stehen, wusste aber nicht wie.} O-O-O $2 {Weitere 8
Minuten, nachdem mir Txh2 zurecht doch nicht gefiel.} (23... Rxh2 $2 24. Kxh2
Bg5 25. Qf5 Qxf5 26. exf5 Nxc4 27. b3 Nd2 28. Rh1 Bxd5 29. f4 Bxf4+ 30. Nxf4
Bxh1 31. Kxh1 Nf3 32. Nd5 $14) (23... Qe7 $1 {war die korrekte Fortsetzung,
mit großem Vorteil:} 24. Bb3 {[#]} Rh3 $1 {Diesen Zug - mit der Idee Lg5 und
Damengewinn - hatte ich nicht gesehen!} 25. Kg2 {noch das Beste, aber
natürlich nicht gut genug.} (25. Qc1 $2 {bringt die Dame in Sicherheit, aber
lässt den König im Stich:} O-O-O 26. Kg2 Rdh8 27. Rh1 Bg5 28. f4 Nxg4 $19)
25... Bg5 26. Kxh3 Bxf4 27. Nxf4 O-O-O $17) 24. Qxf6 $1 Rxh2 25. Ng3 Rdh8 {
[#] 30 - 13 (!!). Dafür, dass ich schon länger glaubte, auf Gewinn zu stehen,
war es mittlerweile reichlich unklar und die Zeit lief mir wieder mal weg.} 26.
Be2 Kb8 27. a5 $1 {Ein unglaublich "cooler" Zug von meiner Gegnerin. Statt
sich um ihren König zu kümmern, stiftet sie mit dem angegriffenen a-Bauern
Verwirrung. Übrigens auch mit Abstand die erste Wahl der Engines!} (27. f3 $6
Qxa4 $15) 27... R2h6 $6 (27... Nxg4 28. Qf5 Qxf5 29. exf5 Ne5 $11) 28. Qf4 (28.
Qg5 {und hier verfällt Houdini auf das unglaubliche f7-f5!! mit deutlichem
Vorteil für Schwarz, während das normale Tg6 zum Ausgleich führt.} f5 $3 (
28... Rg6 29. Qf4 Nxg4 30. Bxg4 Rxg4 31. Qf3 bxa5 $11) 29. f4 $1 (29. Qxf5 $2
Qe7 30. Nh5 Bc8 $19) (29. Nxf5 $2 Rh1+ 30. Kg2 R1h2+ 31. Kg3 Qf7 32. Qg7 Ng6
$19) 29... Rg6 30. Qxf5 Qh7 31. Qh5 Qg8 32. fxe5 Rxh5 33. Nxh5 Rxg4+ 34. Bxg4
Qxg4+ 35. Kf2 Qxh5 36. e6 b5 $17) 28... Qd8 {[#]} 29. Nf5 $4 {mit Remisangebot.
Ich hatte nur noch 2 Minuten, aber nach einigem Hingucken die richtige Idee:} (
29. g5 $142 Rh2 {und die Engines geben 0.00 mit folgender Begründung:} 30.
axb6 cxb6 31. Ra1 Qd7 32. Qf5 Qxf5 33. Nxf5 Rh1+ 34. Kg2 R8h2+ 35. Kg3 Rh3+ 36.
Kf4 Ng6+ 37. Kg4 Ne5+ 38. Kf4 {Dauerschach}) 29... Rh1+ 30. Kg2 Ng6 31. Qg3 (
31. Qc1 $142 R1h2+ 32. Kf3 R8h3+ 33. Ng3 Ne5+ 34. Ke3 Qg5+ 35. Kd4 Qg7 $19)
31... R1h3 0-1

[Event "Salzgitter Schnellturnier"]
[Site "Salzgitter "]
[Date "2016.06.19"]
[Round "9.2"]
[White "Joachim, Sven"]
[Black "Buchenau, Frank"]
[Result "1-0"]
[WhiteElo "2325"]
[BlackElo "2240"]
[Annotator "Sven Joachim"]
[PlyCount "67"]
[EventDate "2016.06.19"]
[SourceDate "2015.04.14"]

1. c4 e5 2. g3 Nf6 3. Bg2 c6 4. d4 Bb4+ 5. Bd2 Bxd2+ 6. Qxd2 d6 7. Nc3 Qe7 8.
e3 O-O 9. Nge2 Re8 10. h3 h5 11. e4 {Tempoverlust, aber nach der kurzen
Rochade wuerde Schwarz selbst e5-e4 ziehen, was mir nicht gefiel.} (11. O-O e4)
11... exd4 $6 {Die Aufgabe des Zentrums ist sicherlich ein Zugestaendnis.} (
11... a6 {Schlosser-Khenkin, Bundesliga 1999}) 12. Qxd4 (12. Nxd4 d5) 12... c5
13. Qd2 Be6 14. b3 Nc6 15. O-O a6 16. Rad1 Red8 {[#]} 17. Qg5 {Ein Schuss ins
Blaue, der unerwarteten Erfolg hat.} Nd5 $4 {Von diesem total überrascht,
fragte ich mich, was mein Gegner wohl geplant hatte, wenn ich jetzt den
h-Bauern nähme. Doch dann sah ich einen besseren Zug..} 18. Rxd5 Bxd5 19. Qxd5
h4 20. g4 Nb4 21. Qd2 b5 22. a3 Nc6 23. cxb5 axb5 24. Nxb5 Qb7 25. a4 c4 26.
bxc4 Rxa4 27. Qd5 Na5 28. Qxb7 Nxb7 29. e5 Na5 30. Nxd6 Nxc4 31. Nc3 Ra3 32.
Nxc4 Rxc3 33. Nd6 f6 34. Ne4 1-0

[Event "team"]
[Site "?"]
[Date "2003.11.02"]
[Round "?"]
[White "JUNG, Gerald"]
[Black "EHRLICH, Sven"]
[Result "1-0"]
[WhiteElo "1910"]
[BlackElo "1554"]
[Annotator "EMS - Fritz 8 (20s)"]
[PlyCount "41"]
[EventDate "2003.??.??"]
[SourceDate "2015.04.14"]

{A00: Unregelmäßige Eröffnungen} 1. Nc3 c5 2. Nf3 Nf6 3. d4 cxd4 4. Qxd4 Nc6
5. Qh4 {Multimedia Dateien nicht kopiert} e6 6. Bg5 Be7 7. O-O-O d6 8. e4 e5
$146 {Ziemlich kreativ, dem versuchten Spezialaufbau mit etwas
Boleslawski-artigem zu begegnen. Hier war ich dann etwas ratlos und musste
zunächst mal einfach meiner Zugpflicht nachkommen -.} (8... Qa5 9. Nd2 (9. Bb5
Bd7 10. Rhe1 O-O-O 11. Bxc6 Bxc6 12. Nd4 Qa6 13. Nxc6 Qxc6 14. Rd3 Kb8 15. f4
h6 16. Bxf6 Bxf6 17. Qg3 g6 18. Qf3 Rd7 19. Red1 Rhd8 20. Kb1 {1/2-1/2 Maki
Torkko,M-Kinnunen,K/ Heart of Finland op 1997/EXT 99 (20)}) 9... a6 (9... h6
10. Be3 Nd5 11. Qg3 Nxc3 12. Qxg7 Nxa2+ 13. Kb1 Rf8 14. Nc4 Qc7 15. Kxa2 e5 16.
Kb1 Be6 17. Na3 O-O-O 18. Bc4 Kb8 19. Bxe6 fxe6 20. c4 Qa5 21. Rc1 Qa4 22. Rhd1
Qb3 23. Nc2 d5 24. cxd5 exd5 25. Qg3 Qb5 26. Nd4 Qa4 27. Nxc6+ bxc6 28. Qxe5+
Bd6 29. Qd4 Qxd4 30. Rxd4 dxe4 31. Rxc6 {1-0 Pereyra Puebla,M-Danner,G/W-ch11
corr8187 1981/ CR97-81 (31)}) 10. Nc4 Qc7 11. Bxf6 gxf6 12. Qg3 Ne5 13. Nxe5
fxe5 14. Qg7 Rf8 15. Qxh7 b5 16. Nxb5 axb5 17. Bxb5+ Bd7 18. Bxd7+ Kxd7 19. Qh3
Rxa2 20. Qb3 Bg5+ 21. Kb1 Rfa8 22. c3 Rxb2+ 23. Qxb2 {Zimmermann,R-Merklinger,
M/Waldshut 1991/GER/0-1 (31)}) (8... Bd7 9. Nb5 Qb8 10. Bxf6 gxf6 11. Qg3 Kf8
12. Nxd6 Rg8 13. Qf4 e5 14. Qh6+ Rg7 15. Nxf7 Be6 16. Nd6 Qc7 17. Ng5 fxg5 18.
Qxe6 Nd4 19. Rxd4 exd4 20. Qf5+ Kg8 21. Bc4+ Kh8 22. Nf7+ Kg8 23. Ne5+ {
Stromer, A-Mastrokoukos,G/Cappelle 1994/TD/1/2-1/2 (24)}) (8... Qb6 9. Be3 Qa5
10. Qg3 $14) 9. h3 {Prophylaktisch gegen g4-Figurenausfälle gerichtet.
Erwartet hatte ich nun den systematischen Le6.} (9. Bb5 Bd7 $14) 9... a6 {
Sichert b5} (9... Be6 10. Nd5 $5 Rc8 11. Kb1 $5) 10. Bc4 b5 11. Bb3 Bb7 (11...
Ra7 $5 12. Kb1 $5) 12. Rhe1 {Nun haben alle Steine halbwegs vernünftige
Stellen belegt - schon greift mein Gegner fehl...} (12. Qg3 $14) 12... Qb8 $2 (
12... Na5 $6 13. Nxe5 Nxb3+ 14. axb3 b4 $16 15. Na4 $14 (15. Nc4 $5 bxc3 $6 16.
e5 cxb2+ 17. Kxb2 dxe5 18. Rxd8+ Rxd8 19. Rxe5 $18)) (12... b4 $5 {wäre doch
normal gewesen.}) ({-Oder :} 12... Rc8 $5) 13. Nd5 $18 Ng8 $2 (13... Qd8 $142
$18 14. Nxe7 Qxe7 15. Nh2 h5 $6 (15... O-O-O 16. Ng4 h6 17. Bxf6 gxf6 18. Qxf6
$32) 16. Ng4 $3) (13... Nxd5 $6 14. exd5 Bxg5+ (14... f6 15. dxc6 fxg5 16. Qe4
$36) 15. Qxg5 Ne7 16. Rxe5 $1 dxe5 17. d6 $18 {Hätt ich gern hingebaut -.})
14. Nxe7 {Diese forcierte Abwicklung bringt ohne viel Gehirnschmalz eine
Gewinnstellung.} Ngxe7 15. Bxe7 Nxe7 16. Ng5 d5 (16... Rf8 17. Qxh7 (17. Nxh7
$6 Rg8 $18) 17... Rg8 18. Bxf7+ Kd7 19. Bxg8 Qxg8 20. Qxg8 Rxg8 21. Nf7 $18) (
16... Ng6 17. Bxf7+ Ke7 18. Bxg6 hxg6 19. Qg4 Bc8 20. Qf3 Rf8 21. Qg3 Qc7 22.
Nh7 Rf4 23. Qxg6 $44) 17. exd5 Ng6 18. Qg4 (18. Qh5 {wäre im Gewinnsinne
präziser} Ra7 19. d6 Ba8 $18) 18... O-O $2 (18... Qd6 $142 $18 19. Ne4 (19.
Qf5 O-O 20. Ne4 Qd8 21. Kb1 Bc8 22. Qh5 b4 $18) (19. Kb1 Rc8 20. Qf5 O-O 21.
Ne4 Qd8 22. c3 Re8 $18) (19. Qf3 Qd7 20. Qh5 Qd6 21. Ne4 Qc7 $18) (19. f4 O-O
20. Ne4 Qd8 21. f5 Bc8 22. Kb1 Nf4 23. g3 $18) 19... Qb6 20. f4 Nxf4 21. Qxg7
O-O-O 22. Qxe5 Nxg2 23. Rd3 $1 Nxe1 24. Rc3+ $18 {mögliche wilde Zugfolge.})
19. d6 Qd8 (19... h6 20. Bxf7+ Rxf7 21. Nxf7 Kxf7 22. Qf5+ Kg8 23. Qxg6 Qe8 24.
Qxe8+ Rxe8 25. Rxe5 Rd8 $18) 20. Qh5 h6 21. Nxf7 1-0

[Event "Travemünde open"]
[Site "?"]
[Date "2003.12.27"]
[Round "2"]
[White "JUNG, Gerald"]
[Black "KOLTHOFF"]
[Result "1/2-1/2"]
[WhiteElo "1910"]
[BlackElo "2165"]
[Annotator "EMS - Fritz 8 (17s)"]
[PlyCount "63"]
[EventDate "2003.??.??"]
[SourceDate "2015.04.14"]

{Wenn es stimmt, dass in der Grundstellung eher Schwarz im (Psycho-) Vorteil
ist, weil Schwarz die Eröffnung bestimmt- dann ist der linksSpringer ein
Kontrapunkt hierzu, da man mit Weiss die angenehme Wahl und damit Bestimmung
der Übergänge in Hauptvarianten oder Eröffnungen hat.} 1. Nc3 c5 2. Nf3 Nc6
3. d4 $146 (3. g3 g6 4. Bg2 Bg7 5. O-O d5 (5... e5 6. e3 Nge7 7. d4 cxd4 8.
exd4 Nxd4 9. Nxd4 exd4 10. Nb5 Qb6 11. Qe2 O-O 12. Bf4 d6 13. Nxd6 Be6 14. Qb5
Qxb5 15. Nxb5 Nd5 16. Bd6 Rfd8 17. Bc5 Rac8 18. Bxd4 Rxc2 19. Bxg7 Kxg7 20.
Rfd1 {Mestrovic,Z-Justin,M/Celje SLO 2003/The Week in Chess 472/1/2-1/2 (43)})
6. e4 d4 7. Na4 b6 8. c3 e5 9. a3 Nge7 10. b4 dxc3 11. dxc3 Ba6 12. Re1 cxb4
13. axb4 O-O 14. Bf1 Bb7 15. Qb3 Qc7 16. Nb2 Rac8 17. Nc4 a6 {Mestrovic,
Z-Srebrnic,M/ Celje SLO 2003/The Week in Chess 472/1-0 (34)}) 3... cxd4 4. Nxd4
g6 {Angebot zum Drachen - : soll ich mich auf einen Theoriedisput in der
Jugoslawischen Variante einlassen mit dem tostedter Spitzenspieler ? - oder
produziere ich etwas aus eigenem Anbau ?} (4... d5 5. Bf4 Nf6 6. e3 $11) 5.
Nxc6 (5. e4 Bg7 6. Be3 Nf6 $14) 5... bxc6 6. Qd4 (6. e4 Bg7 $14) 6... f6 (6...
Nf6 7. Ne4 $14) 7. h4 (7. e4 $5 $14) 7... e5 8. Qa4 Ne7 (8... Qb6 9. h5 g5 10.
a3 $14) 9. Ne4 {Diagramm [#] Einmal am Tach muss ein linksSpringer : Matt
drohen.} (9. h5 $5 g5 10. e4 $14) 9... Nd5 $11 10. h5 g5 (10... Nb6 11. Qb3 d5
12. hxg6 $14) 11. c3 (11. Qb3 $142 $5 $14) 11... Nb6 $15 12. Qc2 d5 13. Ng3 (
13. Nd2 e4 $15) 13... Be6 (13... e4 $5 $15) 14. e4 $11 {Diagramm [#]} Qc7 (
14... Bc5 15. Ba6 Qd7 16. Be3 $11) 15. Be3 (15. Bd3 Rd8 $11) 15... O-O-O (15...
Bd6 16. Nf5 $11) 16. O-O-O (16. Rd1 dxe4 17. Rxd8+ Qxd8 18. Nxe4 Be7 $14) 16...
Be7 (16... Kb7 17. Be2 $11) 17. Kb1 Kb8 18. Bd3 h6 (18... Bd6 19. exd5 cxd5 20.
Bf5 $14) 19. Ne2 (19. Nf5 Bxf5 20. exf5 c5 $11) 19... Rhf8 (19... dxe4 20. Bxe4
Nc4 21. Qa4 $15) 20. f3 (20. Ng3 c5 $11) 20... Ka8 (20... c5 21. Ba6 $15) 21.
Ka1 (21. Ng3 Rb8 $11) 21... Rb8 22. g4 (22. Ng3 Rfd8 $11) 22... Rfd8 (22...
dxe4 23. fxe4 Bxg4 $15) 23. Rb1 (23. Rhe1 dxe4 24. Bxe4 Nc4 25. Rxd8 Rxd8 $15)
23... Nd7 (23... dxe4 $5 24. Bxe4 Nc4 $17) 24. b4 $15 Nb6 25. Ng3 Rd7 (25...
Bf8 26. Nf5 $15) 26. Nf5 Bf8 27. Bc5 (27. Rhd1 Rc8 $11) 27... Bxf5 $15 28. exf5
Rdd8 29. Bxf8 Rxf8 30. c4 Nxc4 (30... Rfd8 31. cxd5 Qd6 32. Rhc1 cxd5 33. Qc6+
Qxc6 34. Rxc6 $15) 31. Bxc4 $11 dxc4 32. Qxc4 {Diagramm [#] Objektiv ist Weiss
in der Vorhand, doch ich war mit Remis voll zufrieden.} 1/2-1/2

[Event "Bremer Einzelmeisterschaft"]
[Site "?"]
[Date "2006.04.14"]
[Round "8"]
[White "JUNG, Gerald"]
[Black "HÖFFER, David"]
[Result "0-1"]
[WhiteElo "1947"]
[BlackElo "2172"]
[Annotator "EMS - Fritz 8 (19s)"]
[PlyCount "84"]
[EventDate "2006.??.??"]
[SourceDate "2015.04.14"]

{Höffer ist ebenfalls ein Pfleger des LINKSSPRINGERS. So lag es nahe, ihn
nach der besten Erwiderung zu befragen...} 1. Nc3 Nc6 2. e4 Nf6 3. Nf3 d5 4.
exd5 Nxd5 5. Bc4 Nb6 6. Bb3 e5 7. d3 (7. a4 a5 8. d3 Bg4 9. h3 Bxf3 10. Qxf3 f6
11. O-O Nd4 12. Qxb7 Rb8 13. Qe4 Nd7 14. Bc4 c6 15. Qg4 Nxc2 16. Rb1 Nc5 17.
Ne4 Nd4 18. Nxc5 f5 19. Qd1 Bxc5 20. Re1 Qc7 21. Bf4 Bd6 {Van Baarle,
C-Cafferty,B/ Amsterdam 1972/MCD/1-0 (57)}) 7... Bg4 8. h3 Bxf3 $146 (8... Bh5
9. Nxe5 (9. g4 Bg6 10. Qe2 Qe7 11. Bd2 O-O-O 12. O-O-O f6 13. Be3 Nd4 14. Bxd4
exd4 15. Qxe7 Bxe7 16. Nb5 Be8 17. Nbxd4 c5 18. Nf5 Bf8 19. Rhe1 h5 20. Nd2 g6
21. Be6+ Kb8 22. Ng3 hxg4 23. hxg4 Bc6 {Milligan Scott,H-Carvalho,A/Debrecen
1992/EU-chT/1/2-1/2 (58)}) (9. Qe2 Bd6 10. g4 Bg6 11. Bg5 Be7 12. Bd2 Nd4 13.
Nxd4 exd4 14. Ne4 Nd7 15. Ng3 O-O 16. O-O-O Nc5 17. f4 Bh4 18. Qf3 Bxg3 19.
Qxg3 Nxb3+ 20. cxb3 f5 21. Rhe1 Qd6 22. Re5 Rae8 23. Kb1 Rxe5 {Szell,L-Lenart,
E/HUN 1992/EXT 2000/1/2-1/2 (25)}) 9... Qh4 10. Nf3 Qe7+ 11. Qe2 Bxf3 12. Qxe7+
Bxe7 13. gxf3 Nd4 14. f4 O-O-O 15. Be3 Bb4 16. O-O-O Nxb3+ 17. axb3 Rhe8 18.
Rhg1 g6 19. f5 Bxc3 20. bxc3 Nd5 21. fxg6 fxg6 22. Kd2 Rf8 23. Rg3 {Zagrapan,
P-Kantorik,M/SVK 1998/EXT 99/1/2-1/2 (32)}) (8... Bh5 $5 $11) 9. Qxf3 $16 ({
Schwächer ist} 9. gxf3 Qd7 $15) 9... Qd7 10. Be3 (10. O-O f6 $14) 10... f6 {
Punkt g5} (10... f5 11. O-O-O $14) 11. a3 {Deckt b4} (11. Qh5+ g6 12. Qh4 f5
$14) 11... O-O-O 12. O-O-O (12. Ne2 Nd5 $14) 12... Kb8 (12... Nd4 13. Bxd4 Qxd4
14. Ne2 $14) 13. Ne4 (13. Ne2 Na5 14. Ba2 c5 $14) 13... Nd4 (13... Na5 14. Ba2
Nc6 15. c3 $11) 14. Bxd4 Qxd4 (14... exd4 $142 $5 {ist zu erwägen} 15. Rde1
Re8 $11) 15. c3 $16 {Befestigt b4} Qd7 16. d4 Qb5 17. dxe5 Bxa3 {Zerstörung
der Bauerndeckung} 18. Kc2 (18. bxa3 Qxb3) 18... Be7 $11 19. exf6 gxf6 20. Rhe1
(20. g4 Nc4 $11) 20... a5 (20... Rxd1 21. Rxd1 f5 22. Ng3 $11) 21. Nd2 (21. Be6
h6 $14) 21... Bc5 22. Qe2 Qc6 23. Qe4 a4 24. Ba2 (24. Qxc6 bxc6 25. Ba2 f5 $14)
24... Qb5 (24... Bxf2 25. Qxc6 bxc6 26. Re6 $11) 25. Qe2 (25. Qf5 Rhe8 26. Rxe8
Rxe8 27. Qxh7 Bxf2 $11) 25... Qd7 (25... Qc6 26. Ne4 $11) 26. Ne4 $14 Qc6 27.
Nxc5 (27. Qf3 Be7 $14) 27... Qxc5 28. Rxd8+ (28. g4 Rxd1 29. Rxd1 h5 $11) 28...
Rxd8 29. Qe3 {Hier hatte ich noch 12 Minuten gegenüber 31 von Höffer.Leider
zerbrezelte ich in der folgenden Zeitknappheit die doch eigentlich
unterkomplizierte Stellung.. .} (29. g4 Nd5 30. Rd1 Nb4+ 31. Kb1 Rxd1+ 32. Qxd1
Nxa2 33. Kxa2 Qc4+ (33... Qxf2 $143 34. Qd8+ Ka7 35. Qxc7 $16) 34. Ka1 Ka7 $11)
29... Qa5 (29... Qf5+ 30. Kc1 $15) 30. f3 (30. g4 Qb5 $11) 30... Rd7 (30...
Qf5+ $5 31. Qe4 Qd7 $11) 31. g4 $14 Qb5 32. Qe2 (32. Qe8+ Ka7 33. Qe2 Qg5 $11)
32... Qc5 (32... Qg5 33. Be6 Rd8 34. Bf5 $11) 33. Qe3 (33. h4 h6 $14) 33... Qd6
34. f4 Rd8 35. h4 (35. f5 Qh2+ (35... c5 36. Be6 Nd5 37. Bxd5 Qxd5 38. Kb1 a3
39. Qf4+ Kc8 40. Re7 Rd7 41. Rxd7 Kxd7 $10) (35... Ka7 $10) 36. Re2) (35. Be6
Nd5 36. Bxd5 Qxd5 37. Kc1 h5 38. Qe7 Qd2+ 39. Kb1 Rh8 40. Qe4 $10) (35. Ra1 h5
$10) (35. c4 Qb4 36. Qc3 Qc5 37. Rd1 Rxd1 38. Kxd1 Qg1+ 39. Kc2 Qg2+ 40. Qd2
Qe4+ 41. Kc3 Qf3+ $10) 35... Nd5 36. Bxd5 {'='} (36. Qe6 $5 Nxf4 37. Qxd6 Rxd6
38. Re8+ Ka7 39. Re4 Ng2 40. Rxa4+ Kb6 41. Rb4+ Kc6 42. Bb1 $1 Nxh4 43. Kb3 Ng6
44. Be4+ Kd7 45. Rxb7 {Hätte der Herr Jung mal am Brett sehen sollen...})
36... Qxd5 37. Qe2 (37. Qe4 $5 Qb3+ 38. Kb1 $11) 37... Qb3+ $15 38. Kc1 a3 39.
bxa3 $4 (39. Kb1 $142 $17) 39... Qxc3+ $19 40. Kb1 Qxa3 (40... Rd6 41. Qe8+ Ka7
42. Qe2 $19) 41. Qe7 $2 (41. Qb2 $142 Qg3 42. Qe2 Qxf4 43. Qe7 $19) 41... Qb3+
(41... Rd1+ 42. Rxd1 (42. Kc2 Qd3+ 43. Kb2 Rd2+ 44. Ka1 Qd4+ 45. Kb1 Qb2#)
42... Qxe7) 42. Kc1 Rd3 (42... Rd3 43. Qf8+ Ka7 44. Qc5+ Ka6 $19) 0-1